Quiz on cricket (Record no. 239871)

MARC details
000 -LEADER
fixed length control field 00348nam a2200145Ia 4500
008 - FIXED-LENGTH DATA ELEMENTS--GENERAL INFORMATION
fixed length control field 240823s9999||||xx |||||||||||||| ||und||
082 ## - DEWEY DECIMAL CLASSIFICATION NUMBER
-- 720 P8
100 ## - MAIN ENTRY--PERSONAL NAME
Personal name Vijayalakshmi Iyer
245 #0 - TITLE STATEMENT
Title Quiz on cricket
260 ## - PUBLICATION, DISTRIBUTION, ETC. (IMPRINT)
Date of publication, distribution, etc 2008
Name of publisher, distributor, etc "Gnosis,"
Place of publication, distribution, etc Delhi
500 ## - GENERAL NOTE
General note YES
650 ## - SUBJECT ADDED ENTRY--TOPICAL TERM
Topical term or geographic name as entry element Quiz on Cricket
942 ## - ADDED ENTRY ELEMENTS (KOHA)
Item type Non Books
Holdings
Withdrawn status Lost status Damaged status Permanent location Current location Shelving location Date acquired Full call number Barcode Date last seen Koha item type
      CENTRAL LIBRARY, NOORUL ISLAM CENTRE FOR HIGHER EDUCATION CENTRAL LIBRARY, NOORUL ISLAM CENTRE FOR HIGHER EDUCATION   05/01/2013 720 P8 CD1436 08/23/2024 Non Books
Visitors:
Copyright © 2024 Central Library NICHE.  All rights reserved.